| 000 | 00454nam a2200157 i 4500 | ||
|---|---|---|---|
| 001 | 141386 | ||
| 003 | ES-MaACL | ||
| 005 | 20230906200301.0 | ||
| 007 | t| | ||
| 008 | 070921s1952 sp ||||1| spa d | ||
| 100 | 1 |
_aVizcaíno Casas, Fernando. _9115612 |
|
| 245 | 1 | 0 |
_aDerecho cinematográfico español / _cFernando Vizcaíno Casas. |
| 260 |
_aMadrid : _bGarcía Enciso, _c1952. |
||
| 300 |
_a192 p. ; _c22 cm. |
||
| 852 |
_aES-MaACL _jC-56499 _bR.89355 |
||
| 999 |
_c141386 _d141386 |
||